[Event "Airthings Masters Preliminary"]
[Site "Online"]
[Date "2020.12.23"]
[Round "9.5"]
[White "Aronian, Levon"]
[Black "Harikrishna, Pentala"]
[Result "1/2-1/2"]
[WhiteElo "2781"]
[BlackElo "2732"]
[Annotator "TA"]
[PlyCount "164"]
[EventDate "2020.12.26"]
[EventType "tourn"]
[EventCountry "NET"]
[SourceTitle "playchess.com"]
[Source "ChessBase"]
[SourceQuality "1"]

{[%evp 12,164,34,18,18,18,18,16,14,19,20,17,25,26,25,19,39,44,33,44,52,49,49,27,47,47,47,47,59,59,59,59,59,59,59,59,65,62,63,52,54,41,41,41,41,41,41,41,104,109,109,83,91,98,98,0,94,0,102,93,93,85,82,77,77,64,86,0,50,40,60,40,40,33,40,40,40,40,40,40,40,8,8,6,7,8,8,8,8,0,0,0,0,0,0,0,0,0,0,0,0,0,0,0,0,0,0,0,0,0,0,0,0,0,9,0,16,0,0,0,16,16,23,16,23,24,21,14,14,14,14,14,36,14,14,14,14,14,14,0,0,0,0,0,0,0,0,0,0,0,0,0,0,0,0]} 1. d4 d5 2. c4 dxc4 3. e3 Nf6 4. Bxc4 e6 5. Nf3 a6 6. O-O b5 7. Be2 Bb7 {D26: Queen's Gambit Accepted: 4 e3 e6 5 Bxc5 c5 sidelines.} 8. a4 b4 9. b3 Nbd7 10. Bb2 Be7 11. Nbd2 O-O 12. Rc1 c5 13. dxc5 Bxc5 14. Ne5 Rc8 15. Nxd7 {[#]} Qxd7 $146 ({Predecessor:} 15... Nxd7 16. Bf3 Qc7 17. Bxb7 Qxb7 18. Qg4 e5 19. Nc4 Rfe8 20. Rfd1 Re6 21. Qf3 e4 {1-0 (38) Dedebas,E (2319)-Badelka,O (2384) Skopje 2019}) 16. Bxf6 gxf6 17. Nc4 (17. Ne4 $5 Qxd1 18. Nxf6+ Kg7 19. Nh5+ (19. Rcxd1 $2 {loses.} Kxf6 20. Rd7 Bc6 $19) 19... Kh6 20. Rfxd1 $14 (20. Rcxd1 Rfd8 $14)) 17... Qxd1 18. Rfxd1 Bd5 19. Bf3 Bxc4 20. Rxc4 {[#] aiming for Rdc1.} Be7 {Threatening ...Rxc4.} 21. Be2 Rxc4 22. Bxc4 $14 {[%mdl 4096] Endgame KRB-KRB} Ra8 23. g4 Ra7 24. f4 a5 25. Kf2 Rc7 26. f5 exf5 27. gxf5 Kf8 28. Kf3 Kg7 29. e4 Kf8 (29... Bc5 $14) 30. Rd5 $16 Ra7 31. Kg4 Kg7 32. Kh5 Bf8 33. Kg4 Be7 34. Kf3 Kf8 $1 35. Ke2 Kg7 36. Kd3 Kh6 37. Ke3 Kg5 38. Kf3 Kh6 39. Ke3 Kg5 40. Rd2 Kh6 41. Rg2 Rd7 42. Kf3 Bc5 43. Bd5 Bb6 44. Rg8 Rd8 45. Rxd8 Bxd8 46. Bxf7 $14 {KB-KB} Kg5 47. Bg8 h5 48. Bf7 Bc7 49. h3 h4 50. Ke3 Bb6+ $1 51. Kd3 Kf4 52. Bh5 Ke5 53. Bf3 Kf4 54. Bh5 Ke5 55. Bf3 Kf4 56. Bg2 Kg3 57. Bf1 Kf4 58. Be2 Ke5 59. Bh5 Bc7 60. Ke3 Bb6+ 61. Kf3 Bd4 62. Bf7 Bc3 63. Bd5 Kd6 64. Kg4 Be1 $1 65. Kh5 Bg3 66. Kg6 Ke7 67. Be6 Be5 68. Kh5 Bg3 69. e5 fxe5 70. Kg5 e4 71. Bc4 e3 72. f6+ Kf8 {The position is equal.} 73. Kf5 Bc7 74. Ke6 Bd8 75. f7 Bb6 76. Be2 Bd8 77. Kd7 Bg5 78. Ke6 Bd8 79. Bh5 Bg5 80. Kd7 e2 81. Bxe2 Kxf7 82. Bc4+ Kf8 {Weighted Error Value: White=0.09/Black=0.03} 1/2-1/2

[Event "Airthings Masters Preliminary"]
[Site "Online"]
[Date "2020.12.23"]
[Round "10.1"]
[White "Vachier-Lagrave, Maxime"]
[Black "Radjabov, Teimour"]
[Result "1/2-1/2"]
[WhiteElo "2784"]
[BlackElo "2765"]
[Annotator "TA"]
[PlyCount "119"]
[EventDate "2020.12.26"]
[EventType "tourn"]
[EventCountry "NET"]
[SourceTitle "playchess.com"]
[Source "ChessBase"]
[SourceQuality "1"]

{[%evp 9,119,36,33,37,41,35,40,33,50,35,52,43,45,46,63,48,71,-19,-12,-29,0,-35,-25,-36,-44,-89,17,24,11,27,8,-64,-46,-62,-27,-27,-27,-37,-22,-85,-85,-82,-81,-81,-84,-180,-170,-143,-142,-192,-121,-104,-114,-468,-468,-505,-191,-664,-460,-399,-64,-239,-64,-68,-45,-67,-64,-138,-134,-130,0,-97,0,-121,-92,-74,-98,-107,-68,-308,-302,-299,-287,-306,-302,-283,-248,-543,-536,-606,-572,-572,-572,-572,-572,-572,-501,-572,-116,-116,0,0,0,0,0,0,0,0,0,0,0,0]} 1. e4 c5 2. Nf3 Nc6 3. Bb5 e6 4. b3 d6 5. Bxc6+ bxc6 6. e5 Ne7 7. exd6 Ng6 8. Na3 {White is slightly better.} Bxd6 9. d3 O-O 10. O-O f6 11. Nc4 Bc7 12. Ba3 Qd5 13. d4 (13. Ne3 $16 Qh5 14. g3) 13... Rd8 $11 {[%cal Rc5d4]} 14. Bxc5 e5 15. Re1 Nf4 16. Ne3 Qf7 17. Nh4 Be6 (17... f5 $1 $17) 18. Qf3 exd4 19. Nef5 Be5 20. Ne7+ ({Reject} 20. Qxc6 d3 $17) (20. Rad1 $11) 20... Kh8 $15 21. Nxc6 {[%mdl 64] Double Attack} Bd5 (21... Qc7 $5 {[%cal Re6d5]} 22. c4 (22. Nxd8 Rxd8 23. Bxd4 Bxd4 $19) 22... dxc3 23. Nxe5 fxe5 24. Qxc3 Nd3 $17 {[%mdl 64] Double Attack}) 22. Nxd8 Rxd8 23. Qg4 h5 24. Qxf4 Bxf4 $17 25. Re7 {[%mdl 64] [#] Double Attack} Bxh2+ $1 26. Kxh2 Qg8 27. Rae1 (27. Bxd4 $17 Bc6 28. c3) 27... Qh7 $1 $19 28. Bxd4 Qxc2 29. R1e2 Qd3 ({Black should try} 29... Qc8 $19 {Strongly threatening ...Qg4.} 30. f3 Qb8+ 31. Kg1 Bg8) 30. Bxa7 $17 Bc6 31. R2e3 $2 {[%mdl 8192]} (31. R2e6 $17 {nothing else works.} Bd7 32. Re4 Qd6+ 33. Kg1) 31... Qd6+ $19 32. Rg3 Rg8 (32... g5 33. Nf5 Qf4) 33. Be3 $2 (33. Ng6+ Kh7 34. Ree3) 33... g6 34. Ra7 Be4 $2 (34... g5 $1 $19 {[%cal Rg5h4]} 35. Nf5 Qe5) 35. f4 $2 (35. Ra4 $1 $15 Bb1 36. f4) 35... Rg7 $2 ({Black should play} 35... g5 $1 $19 {[%cal Rg5h4]} 36. Ra4 gxf4 37. Rxg8+ Kxg8) 36. Ra4 $15 Qe6 {[%mdl 1024] Black has compensation.} 37. Bd4 Kh7 38. Ra5 (38. Nf3 $15) 38... Qd6 $1 $17 {[%cal Rd6f4]} 39. Be3 {[#]} Qe6 (39... Qb8 $1 $17 40. Ra4 Bb1) 40. Rc5 (40. Bd4 $1 $11) 40... Qd6 (40... Bd3 $17 41. Ra5 Qd6) 41. b4 (41. Ra5 $1 $11 {keeps the balance.}) 41... Rd7 42. a4 Qd1 $36 {[%mdl 2048] aiming for ...Qb1. Black is in control.} 43. Rc4 Qb1 44. Bc1 $2 ({Better is} 44. Rd4 $1 $15 Rxd4 45. Bxd4) 44... Bc2 45. Rgc3 Bxa4 ({Weaker is} 45... Qxc1 46. Rxc2 Qa1 47. a5 $15) 46. Rc8 Qxb4 47. R3c4 Qb5 48. f5 $2 (48. R4c5 Qd3 49. Nf3) 48... g5 $19 49. Ng6 {intending Nf8+.} Qxf5 50. Nf8+ Kg7 51. Nxd7 Bxd7 52. R8c5 Qe6 53. Rd4 Kg6 $2 (53... Bc6 $19 {and Black stays clearly on top.} 54. Bb2 g4 55. Rxh5 Qe2 56. Rg5+ Kf7 57. Rgxg4 Qxb2) 54. Bxg5 $17 {[#]} fxg5 (54... Qe7 $1 $17 {[%cal Re7c5]} 55. Bh4 Qxc5 56. Rxd7 Qe5+ 57. Bg3 Qe4) 55. Rcd5 $11 {The position is equal.} Qe1 56. Rxd7 Qe5+ 57. Kh1 {R4d6+ is the strong threat.} Qe1+ 58. Kh2 {Hoping for R4d6+.} Qe5+ 59. Kh1 {And now R4d6+ would win.} Qe1+ 60. Kh2 {And White is the lucky defender.  Weighted Error Value: White=0.63/Black=0.55} 1/2-1/2

[Event "Airthings Masters Preliminary"]
[Site "Online"]
[Date "2020.12.23"]
[Round "10.2"]
[White "Harikrishna, Pentala"]
[Black "So, Wesley"]
[Result "1/2-1/2"]
[WhiteElo "2732"]
[BlackElo "2770"]
[Annotator "TA"]
[PlyCount "88"]
[EventDate "2020.12.26"]
[EventType "tourn"]
[EventCountry "NET"]
[SourceTitle "playchess.com"]
[Source "ChessBase"]
[SourceQuality "1"]

{[%evp 14,88,22,15,19,11,22,22,23,13,0,0,3,0,0,0,0,0,0,0,0,-2,0,-15,0,-10,-10,-10,-8,-14,-13,-11,0,0,0,0,0,-12,-5,-9,0,-14,0,0,0,0,0,0,0,0,0,0,0,0,0,0,0,0,0,0,0,0,0,0,0,0,0,0,0,0,0,0,0,0,0,0,0]} 1. d4 Nf6 2. c4 e6 3. Nf3 d5 4. Nc3 c5 5. cxd5 cxd4 6. Qxd4 exd5 7. Bg5 Be7 8. e3 O-O {D50: Queen's Gambit Declined: Dutch-Peruvian Gambit.} 9. Be2 Nc6 10. Qd3 h6 {[#]} 11. Bxf6 $146 ({Predecessor:} 11. Bh4 Nb4 12. Qd1 Bf5 13. Nd4 Bh7 14. O-O Ne4 15. Bxe7 Qxe7 16. a3 Nxc3 17. bxc3 {½-½ (44) Delavari,A (2222)-Mousavi,S (2422) Hamedan 2016}) 11... Bxf6 {The position is equal.} 12. Rd1 Ne7 13. e4 Bxc3+ 14. Qxc3 Be6 15. O-O Qb6 16. e5 Rac8 17. Qd2 Nc6 18. h3 d4 19. Bd3 ({Don't blunder} 19. Nxd4 $2 Rcd8 $19) 19... Bd5 20. Rfe1 Rfe8 {...Bxf3 is the strong threat.} 21. Be4 Rcd8 22. b3 a5 23. Qf4 Bxe4 24. Rxe4 Qc5 25. Rde1 Re6 26. h4 d3 27. Rd1 Rd5 (27... b5 {is more complex.} 28. Rd2 Qc3 29. Kh2 Re7 30. g3 Rd5) 28. Qe3 Nxe5 (28... Qc2 {looks sharper.} 29. Rd2 Qc3 30. g3 b5 31. Rd1 g6) 29. Nxe5 {[#] Strongly threatening Qxc5.} Qxe3 30. Rxe3 Rdxe5 31. Rxe5 Rxe5 32. Rxd3 $11 {[%mdl 4096] Endgame KR-KR} Re1+ 33. Kh2 Re2 34. Rd8+ Kh7 35. Rd7 Rxf2 36. Rxb7 Rxa2 37. Rxf7 Rb2 38. Ra7 Rxb3 {White must now prevent ...Ra3.} 39. Rxa5 Rb4 40. g3 Rb2+ 41. Kh3 Rb3 42. Kh2 Rb2+ 43. Kh3 Rb3 44. Kh2 Rb2+ {A rather calm draw.  Weighted Error Value: White=0.02/Black=0.02} 1/2-1/2

[Event "Airthings Masters Preliminary"]
[Site "Online"]
[Date "2020.12.23"]
[Round "10.3"]
[White "Dubov, Daniil"]
[Black "Aronian, Levon"]
[Result "1/2-1/2"]
[WhiteElo "2699"]
[BlackElo "2781"]
[Annotator "TA"]
[PlyCount "83"]
[EventDate "2020.12.26"]
[EventType "tourn"]
[EventCountry "NET"]
[SourceTitle "playchess.com"]
[Source "ChessBase"]
[SourceQuality "1"]

{[%evp 16,83,0,0,19,19,22,10,29,40,44,45,38,39,53,31,63,34,86,28,19,6,18,3,20,21,16,6,12,14,132,21,20,20,17,7,57,10,20,10,25,0,0,0,0,0,0,0,0,0,0,0,0,0,0,0,0,0,0,0,0,0,0,0,0,0,0,0,0,0]} 1. d4 Nf6 2. c4 e6 3. Nf3 d5 4. g3 Bb4+ 5. Bd2 Be7 6. Bg2 c6 7. Qc2 b6 8. O-O O-O 9. Bf4 Ba6 {E06: Closed Catalan: Early deviations.} 10. cxd5 cxd5 11. Rc1 Nbd7 12. Nc3 Bb4 13. Bf1 Rc8 14. Qb3 Qe7 {[#]} 15. Qa4 $146 ({Predecessor:} 15. Nd2 Nh5 16. Be3 Nb8 17. a3 Bxc3 18. Rxc3 Rxc3 19. Qxc3 Rc8 {½-½ (19) Enescu,C (2345)-Bendana Aragon,J (2325) ICCF email 2012}) 15... Bc4 16. Nb5 Ne4 (16... Bxb5 $14 17. Qxb5 Nb8) 17. a3 (17. Nxa7 $16 Ra8 18. b3) 17... Bxb5 $11 18. Qxb5 Bd6 19. Be3 f5 20. Rxc8 Rxc8 21. Rc1 Rxc1 22. Bxc1 g5 {[#]} (22... Kf7 $11) 23. Qc6 (23. Bxg5 $1 $16 {[%mdl 512]} Nxg5 24. Nxg5) 23... g4 24. Ne1 Nf8 25. Nd3 Ng6 26. Bh6 Kf7 27. h3 Nf6 28. Bg5 h5 {The position is equal.} 29. hxg4 hxg4 30. e3 (30. Bxf6 {looks sharper.} Kxf6 31. Qc1 Qg7 32. e3 Qd7 33. Be2) 30... Qc7 31. Qxc7+ Bxc7 32. Bxf6 Kxf6 {[%mdl 4096] Endgame KBN-KBN} 33. Be2 Bd6 34. Kf1 Nh8 35. Nc1 Nf7 36. Na2 a5 37. Nc3 Ke7 38. Ke1 Bc7 39. Nb5 Bb8 40. Kd2 Nd6 41. Nxd6 Kxd6 42. Bb5 {Weighted Error Value: White=0.11/Black=0.15} 1/2-1/2

[Event "Airthings Masters Preliminary"]
[Site "Online"]
[Date "2020.12.23"]
[Round "10.4"]
[White "Anton Guijarro, David"]
[Black "Nepomniachtchi, Ian"]
[Result "1/2-1/2"]
[WhiteElo "2675"]
[BlackElo "2784"]
[Annotator "TA"]
[PlyCount "78"]
[EventDate "2020.12.26"]
[EventType "tourn"]
[EventCountry "NET"]
[SourceTitle "playchess.com"]
[Source "ChessBase"]
[SourceQuality "1"]

{[%evp 9,78,12,4,14,9,11,22,24,61,52,73,35,35,40,67,54,57,51,66,48,54,60,45,50,72,61,63,55,71,66,54,61,160,157,149,0,0,0,0,0,0,0,8,8,8,0,6,11,13,0,0,0,0,0,0,0,0,0,4,0,10,0,8,0,0,0,11,0,0,0,9]} 1. e4 c5 2. Nf3 d6 3. d4 cxd4 4. Qxd4 Nf6 5. Bg5 Nc6 6. Bb5 {B53: Sicilian: 2...d6: Lines with Qxd4.} Bd7 7. Qd3 Nb4 8. Bxd7+ Qxd7 9. Qb3 {[#]} Nc6 $146 ({Predecessor:} 9... Na6 10. e5 Ne4 11. exd6 Nac5 12. Qe3 f6 13. O-O fxg5 14. b4 exd6 15. Nc3 O-O-O 16. bxc5 Nxc3 17. Qxc3 dxc5 {1-0 (38) Drus,M-Souply,Y (1895) ICCF email 2011}) 10. Bxf6 gxf6 11. Nc3 Rc8 12. Nd5 Bg7 13. O-O O-O 14. Ne3 e6 15. Rad1 Rfd8 16. c3 Ne7 17. Rd2 Qc6 18. Qc2 Bh6 19. Nd4 Qc5 20. Qd1 d5 ({Better is} 20... Ng6 $14) 21. Qg4+ $16 Ng6 {[#]} 22. exd5 (22. Qh3 $1 $16 {[%cal Rh3h6]} Bxe3 23. fxe3) 22... Bxe3 $11 {The position is equal.} 23. fxe3 f5 $1 {[%cal Rf5g4]} 24. Qf3 (24. Qd1 {looks sharper.} Rxd5 25. Qf3 Ne5 26. Qf2 Rcd8 27. Re2) 24... Qxd5 25. Rfd1 {Strongly threatening Nb3.} Qxf3 26. Nxf3 Rxd2 27. Rxd2 {[%mdl 4096] Endgame KRN-KRN} Rc7 28. Kf2 Kg7 29. Rd4 Kf6 30. g4 fxg4 31. Rxg4 Ke7 32. Ke2 f5 33. Ra4 a6 34. Rb4 Nf8 35. a4 Kf6 36. Rh4 Ng6 37. Rb4 Nf8 38. Rh4 Ng6 39. Rb4 Nf8 {Weighted Error Value: White=0.10/Black=0.07} 1/2-1/2

[Event "Airthings Masters Preliminary"]
[Site "Online"]
[Date "2020.12.23"]
[Round "10.5"]
[White "Carlsen, Magnus"]
[Black "Nakamura, Hikaru"]
[Result "1-0"]
[WhiteElo "2862"]
[BlackElo "2736"]
[Annotator "TA"]
[PlyCount "107"]
[EventDate "2020.12.26"]
[EventType "tourn"]
[EventCountry "NET"]
[SourceTitle "playchess.com"]
[Source "ChessBase"]
[SourceQuality "1"]

{[%evp 16,107,5,23,17,7,7,6,6,0,0,0,0,-6,2,5,11,0,0,0,10,12,11,11,11,12,8,15,12,16,12,12,18,18,36,18,18,18,33,27,27,25,48,27,32,11,14,14,21,0,0,0,0,0,0,0,8,8,12,13,15,23,27,0,0,0,0,0,0,0,0,0,8,11,11,11,11,11,56,52,54,20,17,41,75,75,695,682,752,749,752,750,5331,787]} 1. e4 e5 2. Nf3 Nc6 3. Bb5 Nf6 4. O-O Nxe4 5. Re1 Nd6 6. Nxe5 Be7 7. Bf1 Nxe5 8. Rxe5 O-O 9. d4 Ne8 {C67: Ruy Lopez: Berlin Defence: 4 0-0 Nxe4.} 10. Re1 d5 11. Bf4 Bd6 {[#] The position is equal.} 12. Qf3 $1 $146 {[%mdl 8] A top novelty.} (12. Be5 c6 13. c3 Bxe5 14. Rxe5 Nd6 15. Bd3 g6 16. Nd2 f6 17. Re3 Bf5 18. Nb3 b6 19. Bxf5 Nxf5 20. Re2 Qd7 {½-½ (20) Carlsen,M (2870)-Nakamura,H (2741) Kolkata 2019}) ({Predecessor:} 12. Bxd6 Nxd6 13. Bd3 Bf5 14. Bxf5 Nxf5 15. c3 Re8 16. Nd2 c6 17. Rxe8+ Qxe8 18. Nf3 {½-½ (33) Aronian,L (2781)-Nakamura,H (2736) chess24.com INT 2020}) 12... Bxf4 13. Qxf4 Qd6 14. Qf3 Nf6 15. Nd2 Bg4 16. Qg3 Qxg3 17. hxg3 Rfe8 18. f3 Bd7 19. g4 h6 20. Kf2 Rxe1 21. Rxe1 Re8 22. Rc1 c6 23. a4 {[%cal Ba2a4,Ba4a5][%mdl 32]} Re7 24. a5 Ne8 25. Nb3 Nd6 26. Nc5 Bc8 27. b3 g6 28. c4 dxc4 29. bxc4 Kg7 30. Bd3 f5 31. gxf5 Bxf5 32. Be2 h5 33. Nd3 Bc8 34. Nb4 Nf5 35. d5 c5 36. Nd3 Rc7 37. Nf4 h4 38. Bd3 g5 39. Ne2 Nd6 40. Nc3 Kf6 41. Re1 Bd7 (41... Rg7 {with more complications.} 42. Ne4+ Nxe4+ 43. Rxe4 Bd7 44. Re1 Rg8) 42. Ne4+ (42. Ke3 {seems wilder.} Bc8 43. Ne4+ Nxe4 44. fxe4 Ke5 45. Rf1) 42... Nxe4+ 43. Bxe4 $11 {[%mdl 4096] Endgame KRB-KRB} b5 44. d6 Rc8 45. cxb5 Bxb5 46. Rb1 Bc4 (46... a6 {is more complex.} 47. Rxb5 axb5 48. a6 Ke6 49. Ke3 Kxd6 50. a7 c4) 47. Rb7 Rd8 48. Rxa7 {And now Rc7 would win.} (48. d7 {feels hotter.} a6 49. Rb6+ Ke5 50. Ke3 Rxd7 51. Rg6) 48... Rxd6 49. Rc7 Rd2+ 50. Kg1 Bd5 $2 {[%mdl 8192] [#] This costs Black the game.} (50... g4 $16 51. fxg4 (51. Rxc5 {gets mated.} g3 52. Rc6+ Ke7 53. Bc2 Rxc2 54. Rc7+ Kf6 55. Rxc4 {[%mdl 64] Remove Defender} Rxc4 56. Kf1 Rc1+ 57. Ke2 h3 58. Kd2 hxg2 59. Kxc1 g1=Q+ 60. Kc2 Qc5+ 61. Kd2 g2 62. f4 g1=Q 63. a6 Qge3+ {[%mdl 64] Double Attack} 64. Kd1 Qcc1#) 51... Be2) 51. Rd7 $1 $18 {White is clearly winning.} Ke6 52. Rd8 c4 53. a6 c3 54. Rxd5 {Weighted Error Value: White=0.04/Black=0.22} (54. Bxd5+ $142 Ke7 {[#]} 55. a7 $1 {[%mdl 512]} Rd1+ 56. Kh2) 1-0

[Event "Airthings Masters Preliminary"]
[Site "Online"]
[Date "2020.12.23"]
[Round "10.6"]
[White "Giri, Anish"]
[Black "Grischuk, Alexander"]
[Result "1/2-1/2"]
[WhiteElo "2764"]
[BlackElo "2777"]
[Annotator "TA"]
[PlyCount "101"]
[EventDate "2020.12.26"]
[EventType "tourn"]
[EventCountry "NET"]
[SourceTitle "playchess.com"]
[Source "ChessBase"]
[SourceQuality "1"]

{[%evp 21,101,12,10,0,0,8,7,8,12,13,8,16,10,15,22,12,33,0,0,0,0,0,0,-9,0,0,0,0,0,0,0,0,0,-4,-14,-8,-10,0,0,0,0,0,0,0,1,1,19,1,0,0,0,0,0,3,10,3,3,3,3,3,3,3,3,3,3,0,18,3,3,0,0,0,9,4,14,8,14,3,8,0,10,0]} 1. e4 e5 2. Nf3 Nc6 3. Bc4 Bc5 4. c3 Nf6 5. d3 d6 6. O-O a6 7. Bb3 Ba7 8. Re1 O-O 9. h3 h6 10. Nbd2 {[%cal Bb1d2,Bd2f1,Bf1g3,Bg3f5][%mdl 32]} Re8 11. Nf1 Be6 12. Bc2 {12.Be3 is a critical line. C54: Giuoco Piano: 4 c3 Nf6, main lines with 5 d4 and 5 d3.} d5 13. Qe2 d4 14. Bd2 b5 15. Ng3 {[#]} a5 $146 ({Predecessor:} 15... Nd7 16. a4 Qe7 17. Nf5 Bxf5 18. exf5 Qd6 19. Qe4 Nf6 20. Qh4 b4 21. cxb4 Nxb4 22. Bxb4 Qxb4 {½-½ (28) Manso Gil,A (2579)-Zidu,J (2590) ICCF email 2016}) 16. Bb3 a4 17. Bxe6 Rxe6 18. Red1 a3 19. bxa3 (19. Rab1 {seems wilder.} Bc5 20. cxd4 Bxd4 21. bxa3 Rxa3 22. Rxb5 Rxa2 23. Nf5) 19... Bb6 {The position is equal.} 20. Nf5 (20. Rab1 {feels hotter.} Rxa3 21. cxd4 Nxd4 22. Nxd4 Bxd4 23. Bc1) 20... Rxa3 21. cxd4 Nxd4 22. N3xd4 Bxd4 23. Nxd4 Qxd4 24. Be3 Qd7 25. Rac1 c6 26. Rc2 Qb7 27. Bc5 Ra4 28. a3 Nd7 29. Bb4 Qb6 {White should prevent ...c5.} 30. Rdc1 Ra8 31. Rc3 Rc8 32. Qe3 Qd4 33. Kf1 Rg6 34. R3c2 Kh7 35. g4 Qxe3 36. fxe3 Re6 37. Kg2 Kg8 38. Kf3 Rf6+ 39. Ke2 Re6 40. Rc3 Kh7 41. Kf3 Rf6+ 42. Kg2 Re6 43. R3c2 Kg8 44. Kf2 Rf6+ 45. Ke2 Re6 46. Rc3 Kh7 47. R1c2 Kg8 48. Kf2 Rf6+ 49. Kg2 Re6 50. Rc1 Kh7 51. R3c2 {An uneventful encounter.  Weighted Error Value: White=0.03/Black=0.01} 1/2-1/2

[Event "Airthings Masters Preliminary"]
[Site "Online"]
[Date "2020.12.23"]
[Round "11.1"]
[White "Grischuk, Alexander"]
[Black "Vachier-Lagrave, Maxime"]
[Result "0-1"]
[WhiteElo "2777"]
[BlackElo "2784"]
[Annotator "TA"]
[PlyCount "109"]
[EventDate "2020.12.26"]
[EventType "tourn"]
[EventCountry "NET"]
[SourceTitle "playchess.com"]
[Source "ChessBase"]
[SourceQuality "1"]

{[%evp 9,109,0,14,4,15,0,31,0,8,16,15,0,0,0,8,10,8,9,5,15,9,8,10,10,10,6,27,29,54,19,110,10,12,7,7,7,7,7,8,0,0,-21,-20,-29,-30,-22,-26,-112,-112,-116,-99,-166,-186,-198,-100,-101,-141,-180,-105,-173,-64,-173,-173,-268,-253,-238,-173,-253,-253,-253,-253,-253,-261,-281,-119,-269,-47,-15,-59,-375,-375,-383,0,0,0,-2078,-7081,-12839,-4617,-29946,-12850,-29949,-29949,-29945,0,-29953,-29949,-12792,-12706,-4708,-4618,-29991]} 1. e4 c5 2. Nf3 d6 3. Bb5+ Nd7 4. d4 cxd4 5. Qxd4 a6 6. Be2 {B51: Sicilian: Moscow Variation (3 Bb5+) without 3...Bd7.} Ngf6 7. O-O g6 {now supersedes 7...e5.} (7... e5 $5 {[%cal Re5d4]} 8. Qe3 Be7 $11) 8. e5 {White is slightly better.} dxe5 9. Nxe5 Bg7 {[#]} 10. Bf4 $146 ({Predecessor:} 10. Nf3 O-O 11. Rd1 e5 12. Qh4 Qc7 13. Nc3 b6 14. Be3 Bb7 15. Nd2 Rae8 16. Qc4 {½-½ (63) Alekseev,E (2626)-Savchenko,B (2551) Khanty-Mansiysk 2020}) 10... O-O 11. Rd1 Qb6 12. Qxb6 Nxb6 13. Nc3 Bf5 14. Bf3 Nh5 15. Be3 {[%cal Re3b6]} Bxe5 16. Bxb6 Nf6 17. Re1 ({Don't go for} 17. Bxb7 $2 Rab8 $19) 17... Nd7 {Threatens to win with ...Bxc3.} 18. Ba5 Rab8 19. Rad1 Rfe8 (19... Bf6 $11 {remains equal.}) 20. Be4 (20. g4 $16 Be6 21. Rxd7 $1 {[%mdl 512]} Bxc3 22. Rxe6 $1 {[%mdl 512]} Bxa5 23. Rexe7 Rxe7 24. Rxe7) 20... Be6 21. Bd5 Bxc3 22. Bxc3 Bxd5 23. Rxd5 Nb6 24. Rd4 (24. Rd3 {is more complex.} Na4 25. Bd4 b5 26. Kf1 e6 27. Re2) 24... Rbc8 25. Rb4 (25. f3 {feels hotter.} e6 26. a4 Rc5 27. a5 Nd5 28. Bd2) 25... Nd5 26. Rxb7 Nxc3 27. bxc3 Rxc3 28. Rexe7 (28. Re2 $11) 28... Rxe7 $17 29. Rxe7 Rxc2 $11 {[%mdl 4096] Endgame ( -> ...Rc1+). KR-KR} 30. g3 (30. g4 $17) 30... Rxa2 $19 31. h4 h5 (31... a5 $19 32. Kf1 Kg7) 32. Ra7 $17 a5 33. Kg2 a4 (33... Ra3 $1 $19 34. Kf1 Kg7) 34. Kf3 Kg7 ({Black should try} 34... a3 $1 $19 35. Ke4 Kf8) 35. Ra6 (35. Ke4 $15) 35... a3 $19 36. Kg2 (36. Ke4 {might work better.}) 36... Ra1 37. Kf3 Kf8 38. Ra7 (38. Kf4 $142) 38... Ke8 39. Kg2 f6 40. Ra6 Kf7 41. Kf3 Ra2 (41... a2 $19 {and Black stays clearly on top.} 42. Ke2 Ke7) 42. Ke3 (42. Ke4 $17 {is a better defense.}) 42... g5 $2 (42... Ke7 $19 {White must now prevent ...Ra1.} 43. Kd4 g5) 43. hxg5 fxg5 {...Ra1 is the strong threat.} 44. Ra5 $2 {[%mdl 8192]} (44. Kf3 $1 $15) 44... Ra1 45. Kf3 g4+ (45... a2 $19 46. Ra6 Ke7) 46. Kf4 $11 a2 {aiming for ...Ke7.} 47. Kg5 $2 {[%mdl 8192]} (47. Kf5 $11 Ke8 48. Kg6) 47... Ke6 $19 48. Ra8 Ke5 (48... Kd5 $142 49. Ra3 Kc4) 49. Re8+ Kd4 50. Re2 Kd3 51. Rb2 Ke4 $1 {[%cal Re4d3] Hoping for ...Kd3.} 52. Re2+ $2 {[%mdl 8192]} (52. Rc2 $11 Kf3 53. Kg6) 52... Kf3 $1 53. Rb2 {[#]} Kg2 $1 54. Rc2 {[#]} Rf1 $1 55. Rb2 {Weighted Error Value: White=0.83/Black=0.37} 0-1